000 00700cam a22002413a 4500
001 31476
003 PGUSA
005 20140828083700.0
008 100302s2010||||xxu|||||s|||||000 p eng d
040 _aPGUSA
_beng
042 _adc
050 4 _aPS
100 1 _aBrown, Paul Cameron,
_d1948-
245 1 4 _aThe Long Necked Bottle
_h[electronic resource] /
_cPaul Cameron Brown
260 _bProject Gutenberg,
_c2010
506 _aCopyrighted. Read the copyright notice inside this book for details.
516 _aElectronic text
653 _aCanadian poetry
700 1 _aVlakos, Jon
830 0 _aProject Gutenberg
_v31476
856 4 0 _uhttp://www.gutenberg.org/ebooks/31476
942 _cEB
999 _c260731
_d260731